Songs by The Doors (with Jim Morrison) - Statistics

General Stats
  • This quiz has been taken 1,242 times
  • The average score is 22 of 62
Answer Stats
Hint Answer % Correct
Light My Fire
89%
L.A Woman
87%
The End
84%
People are Strange
78%
Riders On The Storm
75%
Strange Days
75%
Waiting For The Sun
70%
Break On Through (To The Other Side)
69%
Touch Me
61%
Alabama Song
59%
Roadhouse Blues
59%
The Soft Parade
58%
Waiting For The Sun Hello, I Love you
57%
Strange Days Love Me Two Times
54%
The Crystal Ship
54%
When The Music's Over
53%
The Morrison Hotel Peace Frog
52%
Soul Kitchen
51%
The Doors Back Door Man
49%
L.A. Woman Love Her Madly
48%
Five To One
46%
Love Street
43%
Moonlight Drive
43%
Spanish Caravan
40%
The Unknown Soldier
39%
Twentieth Century Fox
34%
The Changeling
30%
The WASP
29%
End Of The Night
28%
Hyacinth House
28%
Not To Touch The Earth
28%
Horse Latitudes
26%
Take It As It Comes
26%
Indian Summer
25%
The Soft Parade Tell All The People
23%
The Spy
23%
Wild Child
23%
L'America
22%
You're Lost Little Girl
22%
I Looked At You
20%
Land Ho!
20%
My Eyes Have Seen You
20%
Been Down So Long
19%
Blue Sunday
19%
Crawling King Snake
19%
Wintertime Love
19%
Cars Hiss By My Window
18%
My Wild Love
18%
Shaman's Blues
18%
Summer's Almost Gone
18%
Unhappy Girl
18%
Wishful Sinful
18%
Maggie M'Gill
17%
Queen Of The Highway
17%
Runnin' Blue
16%
Ship Of Fools
16%
Yes, The River Knows
16%
I Can't See Your Face In My Mind
13%
You Make me Real
13%
Easy Ride
11%
Do It
10%
We Could Be So Good Together
10%
No matching quizzes found
Score Distribution
Percent of People with Each Score
Percentile by Number Answered
Your Score History
You have not taken this quiz